Analysis of survey data /

Recent years have seen a sharp increase in the application of sophisticated statistical modelling methods to sample survey data. Analysis of Survey Data aims to provide a solid basis for the statistical theory underpinning these applications. This book brings together two key statistical traditions,...

Full description

Bibliographic Details
Other Authors: Chambers, R. L. (Ray L.), Skinner, C. J.
Format: eBook
Language:English
Language Notes:English.
Published: Chichester, England ; Hoboken, NJ : John Wiley, ©2003.
Subjects:
Online Access:Connect to the full text of this electronic book

MARC

Tag First Indicator Second Indicator Subfields
LEADER 00000nam a2200000 a 4500
001 in00004678313
006 m o d
007 cr cn|||||||||
008 030731s2003 enka obs 001 0 eng d
005 20260214204149.6
020 |a 0470864397  |q (electronic bk.) 
020 |a 9780470864395  |q (electronic bk.) 
020 |a 0471899879  |q (acid-free paper) 
020 |a 9780471899877  |q (acid-free paper) 
020 |a 0470867205  |q (electronic bk.) 
020 |a 9780470867204  |q (electronic bk.) 
020 |a 1280271892  |q (ebk.) 
020 |a 9781280271892  |q (ebk.) 
024 7 |a 10.1002/0470867205  |2 doi 
035 |a wil6007436 
035 |a (NhCcYBP)wil6007436 
037 |b OverDrive, Inc.  |n http://www.overdrive.com 
037 |a D5E238CE-D515-47C8-ACC6-8DF3BD76A0EB  |b OverDrive, Inc.  |n http://www.overdrive.com 
040 |a NhCcYBP  |b eng  |c NhCcYBP 
050 4 |a QA276  |b .A485 2003eb 
072 7 |a SCI  |x 043000  |2 bisacsh 
082 0 4 |a 001.4/22  |2 22 
245 0 0 |a Analysis of survey data /  |c edited by R.L. Chambers and C.J. Skinner. 
260 |a Chichester, England ;  |a Hoboken, NJ :  |b John Wiley,  |c ©2003. 
300 |a 1 online resource (xx, 376 pages) :  |b illustrations 
336 |a text  |b txt  |2 rdacontent 
337 |a computer  |b c  |2 rdamedia 
338 |a online resource  |b cr  |2 rdacarrier 
504 |a Includes bibliographical references (pages 345-359) and indexes. 
505 0 |a APPROACHES TO INFERENCE -- Introduction / R.L. Chambers -- Design-based Methods for Estimating Model Parameters: A General Theory / David A. Binder and Georgia R. Roberts -- The Bayesian Approach to Sample Survey Inference / Rod Little -- Interpreting a Sample as Evidence about a Finite Population / Richard Royall -- CATEGORICAL RESPONSE DATA -- Introduction / C.J. Skinner -- Analysis of Categorical Response Data from Complex Surveys: an Appraisal and Update / J.N.K. Rao and D.R. Thomas -- Fitting Logistic Regression Models in Case-control Studies with Complex Sampling / Alastair Scott and Chris Wild -- CONTINUOUS AND GENERAL RESPONSE DATA -- Introduction / R.L. Chambers -- Graphical Displays of Complex Survey Data through Kernel Smoothing / D.R. Bellhouse, C.M. Goia, and J.E. Stafford -- Nonparametric Regression with Complex Survey Data / R.L. Chambers, A.H. Dorfman and M. Yu. Sverchkov -- Fitting Generalised Linear Models under Informative Sampling / Danny Pfeffermann and Michael Sverchkov -- LONGITUDINAL DATA -- Introduction / C.J. Skinner -- Random Effect Models for Longitudinal Survey Data / C.J. Skinner and D.J. Holmes -- Event History Analysis and Longitudinal Surveys / J.F. Lawless -- Applying Heterogeneous Transition Models in Labour Economics: the Role of Youth Training in Labour Market Transitions / Fabrizia Mealli and Stephen Pudney -- INCOMPLETE DATA -- Introduction / R.L. Chambers -- Bayesian Methods for Unit and Item Nonresponse / Rod Little -- Estimation for Multiple Phase Sample / Wayne A. Fuller -- Analysis Combining Survey and Geographically Aggregated Data / D.G. Steel, M. Tranmer and D. Holt -- T.M.F. Smith: Publications up to 2002. 
588 0 |a Print version record. 
520 |a Recent years have seen a sharp increase in the application of sophisticated statistical modelling methods to sample survey data. Analysis of Survey Data aims to provide a solid basis for the statistical theory underpinning these applications. This book brings together two key statistical traditions, statistical modelling - such as regression analysis - and sample survey methods, as used for sample design and estimation. 
546 |a English. 
650 0 |a Mathematical statistics  |x Methodology. 
650 0 |a Longitudinal method. 
650 1 2 |a Data Interpretation, Statistical 
650 1 2 |a Statistics 
650 2 2 |a Longitudinal Studies 
700 1 |a Chambers, R. L.  |q (Ray L.) 
700 1 |a Skinner, C. J. 
776 0 8 |i Print version:  |t Analysis of survey data.  |d Chichester, England ; Hoboken, NJ : John Wiley, ©2003  |z 0471899879  |w (DLC) 2002033132 
856 4 0 |u http://proxy.library.tamu.edu/login?url=https://onlinelibrary.wiley.com/book/10.1002/0470867205  |z Connect to the full text of this electronic book  |t 0 
955 |a Wiley EBA record 
975 |p Wiley UBCM Full Collection 2026 
999 f f |s 21a63f4d-c1fc-4dc2-b39a-2b287e37f01b  |i 55fae186-2616-475e-9e1a-0c8b8f877be5  |t 0 
952 f f |a Texas A&M University  |b College Station  |c Electronic Resources  |s evans_pda  |d Available Online  |t 0  |e QA276 .A485 2003eb  |h Library of Congress classification 
998 f f |a QA276 .A485 2003eb  |t 0  |l Available Online